المواعظ والاعتبار بذكر الخطط والآثار، المعروف، بالخطط المقريزية / (Record no. 25009)

MARC details
000 -الفاتح
حقل البيانات ثابتة الطول 01692nam a2200373 i 4500
003 - محدد رقم الضبط
رقم الضبط EG-ScBUE
005 - وقت وتاريخ اخر تعامل مع التسجيلة
رقم الضبط 20240116100956.0
008 - عناصر البيانات ثابتة الطول - معلومات عامة
حقل البيانات ثابتة الطول 170710s1998 ua f b 000 0 ara d
017 ## - رقم الإيداع القانونى
رقم الإيداع القانونى 1997 / 10365
020 ## - الرقم الدولى المعيارى للكتب
الرقم الدولى المعيارى للكتاب 9772082284
040 ## - مصدر الفهرسة
وكالة الفهرسة الأصلية EG-ScBUE
لغة الفهرسة ara
قواعد الوصف rda
وكالة النسخ EG-ScBUE
وكالة التعديل EG-ScBUE
043 ## - رمز المنطقة الجغرافية
رمز المنطقة الجغرافية f-ua---
082 04 - رقم تصنيف ديوى العشرى
رقم التصنيف 962
رقم المادة م ق ر
رقم الطبعة 22
100 1# - المدخل الرئيسى - إسم شخصى
الإسم الشخصى مقريزي، أحمد بن علي،
التواريخ المصاحبة للاسم 1442-1364،
الدور مؤلف.
245 12 - بيان العنوان
العنوان المواعظ والاعتبار بذكر الخطط والآثار، المعروف، بالخطط المقريزية /
بيان المسئوليه,etc تأليف تقي الدين أحمد بن علي المقريزي ؛ تحقيق د. محمد زينهم، مديحة الشرقاوي ؛ راجعه وضبط هوامشه أحمد أحمد زيادة.
246 33 - العنوان الموازى
عنوان صحيح/عنوان مختصر خطط المقريزية
264 #1 - النشر، التوزيع
مكان الناشر او الموزع القاهرة :
اسم الناشر او الموزع مكتبة مدبولي،
تاريخ النشر أو التوزيع 1998.
300 ## - الوصف المادى
التعداد 3 مجلدات ؛
أبعاد الوعاء 24 سم.
336 ## - نوع المحتوى
source rdacontent
Carrier Type Term نص
Content Type Code txt
337 ## - نوع الوسيط
Media Type Term بدون وسيط
source rdamedia
Media Type Code n
338 ## - نوع الحامل أو الناقل
Carrier Type Term مجلد
Carrier Type Code nc
source rdacarrier
490 0# - بيان السلسلة
عنوان السلسلة صفحات من تاريخ مصر ؛
رقم المجلد/ التعيين التسلسلي 39، رقم 1-3
504 ## - تبصرة ببليوجرافية
تبصرة ببليوجرافية,الخ يشتمل على إرجاعات ببليوجرافية.
505 0# - تبصرة محتويات-الفهرس
تبصرة المحتويات المصاغة المجلد الأول -- المجلد الثاني -- المجلد الثالث.
651 #7 - المدخل الاضافى بالموضوع - اسم جغرافى
الاسم الجغرافي مصر
التقسيم الفرعي العام تاريخ
التقسيم الفرعي الزمني عصر صدر الإسلام، 610-661.
مصدر الرأس أو المصطلح BUEsh
651 #7 - المدخل الاضافى بالموضوع - اسم جغرافى
الاسم الجغرافي مصر
التقسيم الفرعي العام تاريخ.
مصدر الرأس أو المصطلح BUEsh
651 #7 - المدخل الاضافى بالموضوع - اسم جغرافى
الاسم الجغرافي مصر
التقسيم الفرعي العام آثار.
مصدر الرأس أو المصطلح BUEsh
653 ## - مصطلح تكشيفى غير مقيد
Resource For college Generalities
Arrived date list July2017
655 ## - مصطلح تكشيفى-نوع/شكل
التقسيم الفرعي الشكلي Reading book
700 1# - المدخل الاضافى - اسم شخصى
الإسم الشخصى زينهم، محمد،
الدور محقق.
9 (RLIN) 26882
700 1# - المدخل الاضافى - اسم شخصى
الإسم الشخصى شرقاوي، مديحة،
الدور محقق.
700 1# - المدخل الاضافى - اسم شخصى
الإسم الشخصى زيادة، أحمد أحمد،
الدور مراجع.
942 ## - عناصر المدخل الإضافي( كوها)
مصدر التصنيف او مخطط الترفيف Dewey Decimal Classification
Holdings
حالة التراجع حالة الفقد مصدر التصنيف او خطة الترفيف حالة تلف ليس للاعارة مجموعات كوها المكان الدائم المكان الحالي موقع الترفيف تاريخ الاكتساب Source of acquisition تعداد مسلسل / التسلسل الزمني رقم الاستدعاء الباركود Date last seen نوع الوعاء تبصرة عامة
    Dewey Decimal Classification     Madboly Central Library Central Library Second Floor 10/07/2017 Purchase 04183 962 م ق ر 000046182 15/07/2025 Book - Borrowing مج. 1
    Dewey Decimal Classification     Madboly Central Library Central Library Second Floor 10/07/2017 Purchase 04183 962 م ق ر 000046183 15/07/2025 Book - Borrowing مج. 2
    Dewey Decimal Classification     Madboly Central Library Central Library Second Floor 10/07/2017 Purchase 04183 962 م ق ر 000046184 15/07/2025 Book - Borrowing مج. 3